Films Pixar par Image - Mort Subite - Statistiques

Statistiques générales
  • Ce quiz a été pris 1 923 fois
  • Le résultat moyen est 6 sur 18
Answers on the Grid
Answers color-coded by a green-red scale on the quiz's grid according to % correct below.
 
Statistiques - réponses
Réponse % Correct
48%
46%
44%
43%
42%
42%
39%
37%
35%
34%
33%
33%
30%
28%
28%
26%
24%
22%
Aucun quiz correspondant
Distribution des résultats
% des personnes avec chaque résultat
Percentile par nombre de réponses
Votre historique - résultats
Vous n’avez pas pris ce quiz